Os du crâne - Statistiques

Statistiques générales
  • Ce quiz a été pris 608 fois
  • Le résultat moyen est 9 sur 14
Statistiques - réponses
Réponse % Correct
Os frontal
94%
Os occipital
89%
Os pariétal
89%
Os temporal
85%
Mandibule
81%
Os sphénoïde
73%
Os nasal
72%
Os zygomatique
69%
Os éthmoïde
62%
Os lacrymal
54%
Vomer
46%
Os palatin
41%
Cornet nasal
21%
Maxillaire supérieur
10%
Aucun quiz correspondant
Distribution des résultats
% des personnes avec chaque résultat
Percentile par nombre de réponses
Votre historique - résultats
Vous n’avez pas pris ce quiz